| 000 | 00640nam a22002177a 4500 | ||
|---|---|---|---|
| 999 |
_c3257 _d3257 |
||
| 003 | OSt | ||
| 005 | 20231109145538.0 | ||
| 008 | 231109b ||||| |||| 00| 0 eng d | ||
| 020 | _a9789670675374 | ||
| 040 | _cKH8 | ||
| 082 | _a400 EZA | ||
| 100 |
_aEzaty Mazlan, _eauthor. |
||
| 245 |
_aPengalaman di Sawah Padi / _cEzaty Mazlan. |
||
| 260 |
_aMelaka ; _bWarisan Kristal Enterprise, _c2018. |
||
| 300 |
_a24 pages : _bcolor illustrations ; _c19 cm x 26 cm. |
||
| 440 | _aSiri Info Aktiviti Tradisi | ||
| 650 |
_aForeign langauge _vMalay language |
||
| 650 | _aMalay tradition | ||
| 830 | _aSiri Info Aktiviti Tradisi | ||
| 942 |
_2ddc _cTR |
||